000 00506nam a2200181Ia 4500
005 20250326143156.0
008 250326s9999 xx 000 0 und d
037 _aTextbook
040 _aFMSL
_beng
_cFMSL
041 _aeng
_2eng
084 _aX65 M4
_qFMSL
100 _aCraig Malcolm
_9252224
245 0 _aSuccessful investment strategy
_cCraig Malcolm
260 _aCambridge
_bCambridge, Woodhead-Faulkner
_c1984
300 _a143p
942 _cTB
_hX65 M4
999 _c1298448
_d1298448